| 000 | 00418nam a2200145 a 4500 | ||
|---|---|---|---|
| 001 | 4516 | ||
| 003 | CDMR | ||
| 005 | 20131210133002.0 | ||
| 008 | 130130s1965||||||||||||||||||||||||||||d | ||
| 040 |
_aCDMR _bcat _cCDMR |
||
| 245 | 0 |
_aEnseñanza de periodismo y medios de información colectiva _b: informe final |
|
| 260 |
_aQuito _c1965 _bCIESPAL |
||
| 650 | 0 | 4 |
_9320 _aCiències de la informació _xEnsenyament |
| 942 |
_cMON _2udc |
||
| 999 |
_c4516 _d4516 |
||